KOHA-Header-6

Leading Issues in Economic Development (Record no. 8383)

000 -LEADER
fixed length control field 00279nam a2200109Ia 4500
100 ## - MAIN ENTRY--AUTHOR NAME
Personal name Gerald M. Meier
245 #0 - TITLE STATEMENT
Title Leading Issues in Economic Development
260 ## - PUBLICATION, DISTRIBUTION, ETC. (IMPRINT)
Place of publication New Delhi
Name of publisher McGraw Hill
Year of publication 1998
300 ## - PHYSICAL DESCRIPTION
Number of Pages 160
942 ## - ADDED ENTRY ELEMENTS (KOHA)
Koha item type Books
Holdings
Withdrawn status Lost status Permanent Location Current Location Date acquired Full call number Accession Number Koha item type
    MAJU MAJU 2019-09-14 330.2 3069 Books

Powered by Koha